000 00903nam a22003257a 4500
001 0004900
003 KOHA_MİRAKIL
005 20260207001429.0
007 ta
008 100111b1995 us |||gr||||#0|||1|eng |
020 _a0070364184
_q(alk. paper)
040 _aTR-BiSEU
_btur
_cTR-BiSEU
_erda
041 0 _aeng
044 _cus
050 _aPE1408
_b.L36 1995
100 1 _aLangan, John.
245 1 _aEnglish skills with readings/
_cJohn Langan ; John Langan.
250 _a3rd ed.
264 1 _aNew York :
_bMcGraw-Hill
_c1995
300 _axx, 586 sayfa: resimli
336 _ametin
_btxt
_2rdacontent
337 _aaracısız
_bn
_2rdamedia
338 _acilt
_bnc
_2rdacarrier
500 _aDizin var.
650 0 _aEnglish language--Rhetoric.
_911409
650 0 _aEnglish language--Grammar.
_93478
650 0 _aCollege readers.
_911880
907 _aDil
942 _2lcc
_cBK
999 _c4882
_d4882